000
00150nam a22000857a 4500
082
_a
823
100
_a
VERA SOUTHGATE
245
_a
E L DORADO
942
_c
BK
999
_c
8375
_d
8375